Scotland has the UK's most affordable housing (Record no. 83713)

MARC details
000 -LEADER
fixed length control field 01073cad a22002055a 4500
001 - CONTROL NUMBER
control field E154712
008 - FIXED-LENGTH DATA ELEMENTS--GENERAL INFORMATION
fixed length control field 120116e20120116xxk 000 0 eng u
035 ## - SYSTEM CONTROL NUMBER
System control number (Sirsi) u154712
041 0# - LANGUAGE CODE
Language code of text/sound track or separate title eng
110 2# - MAIN ENTRY--CORPORATE NAME
Corporate name or jurisdiction name as entry element Bank of Scotland
9 (RLIN) 5792
245 00 - TITLE STATEMENT
Title Scotland has the UK's most affordable housing
Medium [electronic resource]
260 ## - PUBLICATION, DISTRIBUTION, ETC.
Date of publication, distribution, etc. 2012
490 ## - SERIES STATEMENT
Series statement Bank of Scotland Press Release
Volume/sequential designation 16 January 2012
520 ## - SUMMARY, ETC.
Summary, etc. Bank of Scotland research suggests that mortgage payments for a new borrower (first time buyers and home movers) in Scotland in the second half of 2011 were at their lowest as a proportion of disposable earnings for 9 years. Mortgage payments in Scotland are lower as a proportion of disposable earnings (20%) than the UK average of 27%
590 ## - LOCAL NOTE (RLIN)
Local note KA
651 #4 - SUBJECT ADDED ENTRY--GEOGRAPHIC NAME
Geographic name Scotland
Chronological subdivision 1999-
690 ## - LOCAL SUBJECT ADDED ENTRY--TOPICAL TERM (OCLC, RLIN)
Topical term or geographic name as entry element PROPERTY-RESIDENTIAL PROPERTY-RESIDENTIAL PROPERTY MARKET
856 40 - ELECTRONIC LOCATION AND ACCESS
Uniform Resource Identifier <a href="https://www.lloydsbankinggroup.com/media/pdfs/bos/2012/16012012Scotland_UKs_most_affordable_housing.pdf">https://www.lloydsbankinggroup.com/media/pdfs/bos/2012/16012012Scotland_UKs_most_affordable_housing.pdf</a>
Public note View the news release free of charge at www.lloydsbankinggroup.com
942 ## - ADDED ENTRY ELEMENTS (KOHA)
Suppress in OPAC 0
Holdings
Withdrawn status Lost status Source of classification or shelving scheme Damaged status Not for loan Home library Current library Shelving location Date acquired Total Checkouts Full call number Barcode Date last seen Copy number Price effective from Koha item type
    Dewey Decimal Classification     Virtual Virtual Online 16/01/2012   ONLINE PUBLICATION 154712-2001 06/08/2019 1 06/08/2019 Journal article